Environmental good practice on site (Record no. 104870)
[ view plain ]
| 000 -LEADER | |
|---|---|
| fixed length control field | 01287cam a2200241 4500 |
| 001 - CONTROL NUMBER | |
| control field | ##L131847 |
| 008 - FIXED-LENGTH DATA ELEMENTS--GENERAL INFORMATION | |
| fixed length control field | 051213n2005 000 0 eng u |
| 020 ## - INTERNATIONAL STANDARD BOOK NUMBER | |
| International Standard Book Number | 0860176509 |
| 035 ## - SYSTEM CONTROL NUMBER | |
| System control number | (Sirsi) u131847 |
| 041 0# - LANGUAGE CODE | |
| Language code of text/sound track or separate title | eng |
| 050 04 - LIBRARY OF CONGRESS CALL NUMBER | |
| Classification number | 614.7 $2 18 |
| 100 1# - MAIN ENTRY--PERSONAL NAME | |
| Personal name | Charles, Philip |
| 245 00 - TITLE STATEMENT | |
| Title | Environmental good practice on site |
| 250 ## - EDITION STATEMENT | |
| Edition statement | 2nd ed. |
| 260 ## - PUBLICATION, DISTRIBUTION, ETC. | |
| Place of publication, distribution, etc. | London |
| Name of publisher, distributor, etc. | CIRIA |
| Date of publication, distribution, etc. | 2005 |
| 300 ## - PHYSICAL DESCRIPTION | |
| Extent | 188p |
| Other physical details | ill, tables |
| Dimensions | 21cm + |
| Accompanying material | 1 cd |
| 490 #0 - SERIES STATEMENT | |
| Series statement | CIRIA |
| Volume/sequential designation | C650 |
| 520 ## - SUMMARY, ETC. | |
| Summary, etc. | A practical guide to managing construction on site to control environmental impacts. Outlines the benefits and obligations of environmental good practice. Examines general site management, including the responsibilities of management and staff, dealing with sub-contractors, materials management, site security and the value of good public relations. Gives detailed guidance on how to prevent impacts and respond to problems for a range of environmental issues, from archaeology and built heritage to wildlife and natural features. Identifies the environmental issues that should be considered during construction, from bored tunnelling to working with groundwater. |
| 520 ## - SUMMARY, ETC. | |
| Summary, etc. | Supercedes 1st ed (ISBN 0860175022) |
| 690 ## - LOCAL SUBJECT ADDED ENTRY--TOPICAL TERM (OCLC, RLIN) | |
| Topical term or geographic name as entry element | Project management |
| 9 (RLIN) | 6261 |
| 700 1# - ADDED ENTRY--PERSONAL NAME | |
| Personal name | Connolly, Samantha |
| 942 ## - ADDED ENTRY ELEMENTS (KOHA) | |
| Suppress in OPAC | 0 |
| Withdrawn status | Lost status | Source of classification or shelving scheme | Damaged status | Not for loan | Home library | Current library | Shelving location | Date acquired | Total Checkouts | Full call number | Barcode | Date last seen | Date last checked out | Copy number | Price effective from | Koha item type |
|---|---|---|---|---|---|---|---|---|---|---|---|---|---|---|---|---|
| Dewey Decimal Classification | London | London | Books | 13/12/2005 | 8 | 614.7 CHA | 30070628 | 06/08/2019 | 10/08/2009 | 1 | 06/08/2019 | Book |